书目信息 |
| 题名: |
海明威传
|
|
| 作者: | 金苏 编著 | |
| 分册: | ||
| 出版信息: | 北京 中华工商联合出版社有限责任公司 2020 |
|
| 页数: | 203页 | |
| 开本: | 24cm | |
| 丛书名: | 外国人物传记 | |
| 单 册: | ||
| 中图分类: | K837.125.6=533 , K837.125 | |
| 科图分类: | ||
| 主题词: | ||
| 电子资源: | ||
| ISBN: | 978-7-5158-2805-3 | |
| 000 | 00677oam2 2200241 450 | |
| 001 | 2376705134 | |
| 005 | 20231009211836.38 | |
| 010 | @a978-7-5158-2805-3@dCNY68.00 | |
| 100 | @a20201127d2020 em y0chiy50 ea | |
| 101 | 0 | @achi |
| 102 | @aCN@b110000 | |
| 105 | @ay z 000yb | |
| 200 | 1 | @a海明威传@Ahai ming wei zhuan@e典藏版@f金苏编著 |
| 210 | @a北京@c中华工商联合出版社有限责任公司@d2020 | |
| 215 | @a203页@d24cm | |
| 225 | 2 | @a外国人物传记 |
| 410 | 0 | @12001 @a外国人物传记 |
| 600 | 0 | @a海明威@f1899-1961@x传记 |
| 690 | @aK837.125.6=533@v5 | |
| 690 | @aK837.125@v4 | |
| 701 | 0 | @a金苏@Ajin su@4编著 |
| 801 | 0 | @aCN@b91MARC@c20201205 |
| 905 | @aZUCC@dK837.125@e41 | |
| 海明威传:典藏版/金苏编著.-北京:中华工商联合出版社有限责任公司,2020 |
| 203页;24cm.-(外国人物传记) |
| ISBN 978-7-5158-2805-3:CNY68.00 |
| ● |
| 相关链接 |
|
|
|
正题名:海明威传
索取号:K837.125/41
 
预约/预借
| 序号 | 登录号 | 条形码 | 馆藏地/架位号 | 状态 | 备注 |
| 1 | 2000997493 | 2000997493 | 第四书库/四30架B面1层4列/ [索取号:K837.125/41] | 在馆 | |
| 2 | 2000997494 | 2000997494 | 第四书库/四30架B面1层4列/ [索取号:K837.125/41] | 在馆 | |
| 3 | 2000997495 | 2000997495 | 第四书库/四30架B面1层4列/ [索取号:K837.125/41] | 在馆 | |
| 4 | 2000997496 | 2000997496 | 第四书库/四30架B面1层4列/ [索取号:K837.125/41] | 在馆 | |
| 5 | 2000997497 | 2000997497 | 第四书库/四30架B面1层4列/ [索取号:K837.125/41] | 在馆 | |
| 6 | 2000997498 | 2000997498 | 第四书库/四30架B面1层4列/ [索取号:K837.125/41] | 在馆 |